00903 2200277 4500001002100000005001500021035002500036090001800061245020300079260003900282300003200321008004100353082001000394084001600404100001700420500003000437650002700467700001700494700002600511700003600537040001700573850001200590041000800602250000700610990000800617YOGYA00000000004888220180903074615 a0010-081400000048600 aL 439.3 KOE v1 aVerklarend handwoordenboek der Nederlandse taal (tevens vreemde-woordentolk) :bvooral ten dienste van het onderwijs /cM.J. Koenen, J. Endepols, Klaas Hanzen Heeroma, Willem Raymond Renaat Verdeyen aGroningen [etc.] :bWolters,c1946 aviii, 1275 halaman ;c20 cm180903 g 0 dut  a439.3 a439.3 KOE v1 aKoenen, M.J. aTeks dalam bahasa Belanda aBahasa Belanda-- Kamus1 aEndepols, J.1 aHeeroma, Klaas Hanzen1 aVerdeyen, Willem Raymond Renaat aYOPDYOGbind aYOPDYOG0 adut a21 a66B